000 01227nam a2200349 c 4500
001 9849
003 ES-MaCES
005 20141221122034.0
008 991130s1999 sp t o000 | spa d
017 _aM 25609-1999
_bDL
020 _a8489324581
035 _aCES19990018784m
040 _aES-MaCES
_bspa
_cES-MaCES
111 2 _aSeminario "Consolidación de derechos y garantías. Los grandes retos de los derechos humanos en el siglo XXI"
_d1998
_cMadrid
_9531
245 1 0 _aConsolidación de derechos y garantías
_b: los grandes retos de los derechos humanos en el siglo XXI
260 _aMadrid
_bConsejo General del Poder Judicial
_c1999
300 _a534 p.
_c24 cm
541 _cGratuito
650 4 _aderechos humanos
_927171
650 4 _adeclaración
_928950
650 4 _adiscriminación
_927180
650 4 _aacuerdo internacional
_926683
650 4 _apapel de la ONU
_929145
650 4 _acooperación internacional
_926635
650 4 _aigualdad de trato
_930147
650 4 _aS. XXI
_931215
653 1 0 _aAsuntos Sociales
710 1 _aEspaña
_bConsejo General del Poder Judicial
_eed.
_92750
902 _aLIB Libro
942 _2CES
_cBK
_h3.3.
999 _c9849
_d9849